000 00230 a2200097 4500
001 30585
100 _aJarrett
245 _aHumanities & Humanistic Education
260 _aLondon
_bAddison Wesley Pub Co
_c
090 _c20521
_d20521
942 _aNUST-CAE
_cM
_c11694
999 _c265658
_d265658